John Whitmore: Nechcel by som mať dnes vnúčatá!

Krátky životopis Johna Withmora prezývaného otcom koučingu. Psychológ, psychoterapeut a spoluzakladateľ spoločnosti, ktorá sa venuje koučingu a obchodnému vedeniu. Myšlienky z článku Kapitalizmus - popieranie a zánik.

Salvato in:
Dettagli Bibliografici
Autore principale: Fričová, Lucia
Natura: Capitolo di libro
Lingua:slovacco
Soggetti:
Tags: Aggiungi Tag
Nessun Tag, puoi essere il primo ad aggiungerne!!

MARC

LEADER 00000naa a2200000 4500
001 0143815
005 20231113071226.3
041 0 |a slo 
044 |a SK 
245 1 0 |a John Whitmore: Nechcel by som mať dnes vnúčatá!  |c Lucia Fričová 
520 |a Krátky životopis Johna Withmora prezývaného otcom koučingu. Psychológ, psychoterapeut a spoluzakladateľ spoločnosti, ktorá sa venuje koučingu a obchodnému vedeniu. Myšlienky z článku Kapitalizmus - popieranie a zánik. 
610 2 0 |a koučovanie 
610 2 0 |a manažéri 
610 2 0 |a riadenie 
610 2 0 |a vedenie 
610 2 0 |a vývoj 
610 2 0 |a prognózy 
100 1 |a Fričová, Lucia